| 000 | 00490nam a22001697a 4500 | ||
|---|---|---|---|
| 003 | OSt | ||
| 005 | 20140310182218.0 | ||
| 008 | 130909t xxu||||| |||| 00| 0 eng d | ||
| 050 |
_aTT 699 _b.T971 [ca.1990] |
||
| 082 |
_aHS 677.02862 _bT19 19 |
||
| 245 | _a22 twenty two things to do with fabrics / | ||
| 260 |
_aMakati, Metro Manila : _bBasic Media Systems, Inc, _c19-- |
||
| 300 |
_a47 p. ; _bill. ; _c19 cm. |
||
| 650 |
_aFabrics _xHandicrafts _917187 |
||
| 942 |
_2lcc _cHS |
||
| 999 |
_c10661 _d10661 |
||